000 00344nab a22001097u 4500
008 130520b1990 xxu||||| |||| 00| 0 spa d
041 _aspa
100 1 _aBoff, Leonardo
_d1938-
_94027
245 0 0 _aLa nueva evangelización: irrupción de nueva vida
_cLeonardo Boff
773 0 _tConcilium
_gV.2,1990,págs.509-521
_x0210-1041
_wRev134
942 _cAR
999 _c355555
_d355555